000
00304nam a2200133Ia 4500
005
20251222144807.0
008
251222s9999||||xx |||||||||||||| ||spa||
082
_a
658.02/M42
100
_a
Mendonca Ferreira, Sebastiao
245
0
_a
Preempresa
250
_a
4a.ed.
264
_b
Sinapsis
942
_c
LIB
999
_c
19976
_d
19976